000 01292cam a22003258a 4500
001 15259612
005 20080414121709.0
008 080414s2008 enk b 001 0 eng
010 _a2008017070
020 _a9780273710288 (alk. paper)
040 _aDLC
_cDLC
043 _ae------
050 0 0 _aHF5548.32
_b.J45 2008
082 0 0 _a658.872
_222
_bJEL
100 1 _aJelassi, Tawfik,
_d1957-
_93778
245 1 0 _aStrategies For e-Business :
_bCreating Value through Electronic and Mobile Commerce : concepts and cases /
_cTawfik Jelassi, Albrecht Enders.
250 _a2nd ed.
260 _aHarlow, England ;
_aNew York :
_bFT Prentice Hall,
_cc2008.
263 _a0807
300 _axxxviii, 626 p. :
_bill. ;
_c26 cm.
504 _aIncludes bibliographical references and index.
650 0 _aElectronic commerce.
_93779
650 0 _aElectronic commerce
_zEurope
_vCase studies.
_93780
650 0 _aIndustries
_xTechnological innovations
_xEconomic aspects.
_93781
650 0 _aStrategic planning.
_93782
700 1 _aEnders, Albrecht.
_93783
942 _2ddc
_cBB
999 _c11321
_d11321